| 000 -LEADER |
| fixed length control field |
01423nam a22001577a 4500 |
| 008 - FIXED-LENGTH DATA ELEMENTS--GENERAL INFORMATION |
| fixed length control field |
210712b ||||| |||| 00| 0 eng d |
| 100 ## - MAIN ENTRY--PERSONAL NAME |
| Personal name |
Brorström, Sara and Norbäck, Maria |
| 245 ## - TITLE STATEMENT |
| Title |
‘Keeping politicians at arm’s length’: How managers in a collaborative organization deal with the administration–politics interface |
| 260 ## - PUBLICATION, DISTRIBUTION, ETC. (IMPRINT) |
| Place of publication, distribution, etc |
International Review of Administrative Sciences |
| 300 ## - PHYSICAL DESCRIPTION |
| Extent |
86(4), Dec, 2020: p.657-672 |
| 520 ## - SUMMARY, ETC. |
| Summary, etc |
This study examines the relationship between politicians and managers in a Swedish city. The context is a collaborative organization responsible for drafting and implementing the vision and strategies for a city organization, and for future development of the downtown river area. The article examines the efforts of city managers to manage the relationship with city politicians. We illustrate how the managers strive to manage an appropriate ‘arm’s-length’ relationship with the politicians by navigating in and out of the ‘purple zone’ of the politics–management interface, and how the context of collaborative organizations seems to increase the amount of time public managers spend in this zone. – Reproduced |
| 650 ## - SUBJECT ADDED ENTRY--TOPICAL TERM |
| Topical term or geographic name as entry element |
Collaborative organizations, Politics–administration dichotomy, Public managers, Purple zone |
| 9 (RLIN) |
25064 |
| 773 ## - HOST ITEM ENTRY |
| Main entry heading |
International Review of Administrative Sciences |
| 906 ## - LOCAL DATA ELEMENT F, LDF (RLIN) |
| Subject DIP |
POLITICS AND GOVERNMENT |
| 942 ## - ADDED ENTRY ELEMENTS (KOHA) |
| Item type |
Articles |